| 000 | 00890nam a2200229 a 4500 | ||
|---|---|---|---|
| 003 | 0 | ||
| 005 | 20250318111655.0 | ||
| 008 | 071127s19uu xx 00 eng d | ||
| 050 |
_aPGS LB 1031.T43 _b.B543 2007 |
||
| 100 | _aBertillo, Isabela Marie P. | ||
| 245 |
_aTeaching style and its effect in the academic performance of students in terms of class participation, motivation and doing tasks / _cIsabela Marie P. Bertillo. |
||
| 260 |
_aLas PiƱas City, Philippines : _bSouthville International School and Colleges, _c2007. |
||
| 300 |
_a70 pages : _billustrations ; _c28 cm. |
||
| 504 | _aIncludes bibliographical references. | ||
| 650 | _aTeaching styles. | ||
| 650 | _aAcademic achievement. | ||
| 650 | _aMotivation in education. | ||
| 650 | _aClassroom participation. | ||
| 650 | _aTask performance (Education). | ||
| 650 | _aEffective teaching. | ||
| 942 |
_2lcc _cPASS |
||
| 999 |
_c97688 _d97688 |
||